| 000 | 00459cam a2200181ua 4500 | ||
|---|---|---|---|
| 041 |
_aeng _h |
||
| 082 |
_a822 _bMOL/CO |
||
| 100 | _aMoliere, . | ||
| 245 |
_aComedies, Vol 1 / _cMoliere. _hTextual Documents |
||
| 260 |
_aLondon : _bJ M Dent and Sons Ltd , _c1962. |
||
| 300 | _a427 ; . | ||
| 440 | 0 |
_aEVeryman`s Library, _v830 _x; |
|
| 490 | 0 |
_aEVeryman`s Library, _v830 _x; |
|
| 504 | _a | ||
| 942 | _cBK | ||
| 999 |
_c5843 _d5843 |
||